| 000 | 00718nam a2200241Ia 4500 | ||
|---|---|---|---|
| 003 | OSt | ||
| 005 | 20220925221159.0 | ||
| 006 | a|||||r|||| 00| 0 | ||
| 007 | ta | ||
| 008 | 220923b |||||||| |||| 00| 0 eng d | ||
| 037 | _cGeneral Book | ||
| 040 |
_aRTL _cRTL _beng |
||
| 041 |
_2eng _aeng |
||
| 082 | _aX:97.791.N8, M8.1 | ||
| 100 |
_aCarriere Jean _9285989 |
||
| 245 | 0 | _aState, industrial relations and the labour movement | |
| 260 |
_aLondon _bMacmillan UK _c1989 |
||
| 300 |
_a319p _ccm. |
||
| 490 | _aLatin American Studies Series, 2. (4 V Set) | ||
| 650 |
_aIndustrial Relations _9232314 |
||
| 942 |
_hX:97.791.N8, M8.1 _cGB _2CC |
||
| 999 |
_c573515 _d573515 |
||